Desertification control in Africa : (Record no. 13515)
[ view plain ]
| 000 -LEADER | |
|---|---|
| fixed length control field | 00775nam a22002172 4500 |
| 001 - CONTROL NUMBER | |
| control field | 0000012754 |
| 005 - DATE AND TIME OF LATEST TRANSACTION | |
| control field | 20151217155852.0 |
| 008 - FIXED-LENGTH DATA ELEMENTS--GENERAL INFORMATION | |
| fixed length control field | 090318s xx 000 0 eng d |
| 040 ## - CATALOGING SOURCE | |
| Original cataloging agency | KABU |
| Transcribing agency | KABU |
| 110 2# - MAIN ENTRY--CORPORATE NAME | |
| Corporate name or jurisdiction name as entry element | United Nations Environment Programme. |
| -- | 0000161666 |
| 245 10 - TITLE STATEMENT | |
| Title | Desertification control in Africa : |
| Remainder of title | Actions and directory of institutions / |
| Statement of responsibility, etc. | UNEP. |
| 250 ## - EDITION STATEMENT | |
| Edition statement | 1st ed. |
| 260 ## - PUBLICATION, DISTRIBUTION, ETC. (IMPRINT) | |
| Place of publication, distribution, etc. | Nairobi : |
| Name of publisher, distributor, etc. | UNEP, |
| Date of publication, distribution, etc. | 1985. |
| 300 ## - PHYSICAL DESCRIPTION | |
| Extent | 2 v. |
| 505 0# - FORMATTED CONTENTS NOTE | |
| Formatted contents note | v. I. Actions - v. II. Directory of institutions. |
| 650 #0 - SUBJECT ADDED ENTRY--TOPICAL TERM | |
| Topical term or geographic name as entry element | Desertification |
| General subdivision | Control |
| Geographic subdivision | Africa. |
| -- | 0000169660 |
| 852 1# - LOCATION | |
| -- | p500 KES |
| 852 1# - LOCATION | |
| -- | p500 KES |
| 908 ## - PUT COMMAND PARAMETER (RLIN) | |
| Put command parameter | 090318 |
| 950 ## - LOCAL HOLDINGS (RLIN) | |
| -- | 1 |
| Withdrawn status | Lost status | Source of classification or shelving scheme | Not for loan | Home library | Current library | Date acquired | Total Checkouts | Full call number | Barcode | Date last seen | Price effective from | Koha item type |
|---|---|---|---|---|---|---|---|---|---|---|---|---|
| Library of Congress Classification | Kabarak, Main Campus | Kabarak, Main Campus | 17/12/2015 | GB618.82 .U55 1985 v. I c. 1 | 17195 | 17/12/2015 | 17/12/2015 | Africana Collection | ||||
| Library of Congress Classification | Kabarak, Main Campus | Kabarak, Main Campus | 17/12/2015 | GB618.82 .U55 1985 v. II c. 1 | 17196 | 17/12/2015 | 17/12/2015 | Africana Collection |